[Event "Chigorin Memorial"]
[Site "St Petersburg RUS"]
[Date "2013.10.12"]
[Round "8.95"]
[White "Erenberg, Ariel"]
[Black "Gantsevich, Aleksey A."]
[Result "1-0"]
[WhiteElo "2029"]
[BlackElo "1614"]
[WhiteFideId "2811634"]
[BlackFideId "24195863"]
[EventDate "2013.10.05"]

1. d4 Nf6 2. c4 g6 3. Nc3 Bg7 4. e4 d6 5. Be2 O-O 6. Nf3 e5 7. O-O Nc6 8. d5 Ne7
9. b4 Nh5 10. Re1 Nf4 11. Bf1 f5 12. Bxf4 exf4 13. e5 a5 14. bxa5 Rxa5 15. Qd2
Ra8 16. Qxf4 dxe5 17. Nxe5 Re8 18. c5 c6 19. dxc6 Nxc6 20. Bc4+ Kf8 21. Rad1 Qf6
22. Nd5 Qxe5 23. Rxe5 Rxe5 24. Nb6 Rb8 25. Qd2 Be6 26. Bxe6 Rxe6 27. Nd7+ 1-0

[Event "Chigorin Memorial"]
[Site "St Petersburg RUS"]
[Date "2013.10.12"]
[Round "8.97"]
[White "Aleksandrov, Grigoriy"]
[Black "Pershin, Denis"]
[Result "0-1"]
[WhiteElo "1890"]
[BlackElo "2190"]
[WhiteFideId "24199656"]
[BlackFideId "24165506"]
[EventDate "2013.10.05"]

1. d4 Nf6 2. c4 e6 3. Nc3 Bb4 4. Bd2 O-O 5. Nf3 d5 6. cxd5 exd5 7. Qc2 Re8 8. e3
c5 9. a3 Bxc3 10. Bxc3 cxd4 11. Bxd4 Nc6 12. Bb5 Qa5+ 13. Qc3 Qxb5 14. Bxf6 gxf6
15. Qxf6 d4 16. Nxd4 Nxd4 17. Qxd4 Bf5 18. Qb4 Qxb4+ 19. axb4 Re4 20. Ra5 Be6
21. Rb5 b6 22. O-O Rc8 23. Ra1 Rec4 24. f4 Rc1+ 25. Rxc1 Rxc1+ 26. Kf2 Rc2+ 27.
Kg3 Rxb2 28. f5 Bc4 29. Re5 Rxb4 30. f6 Be6 31. e4 h6 32. Kf4 a5 33. Rh5 Kh7 34.
g4 Kg6 35. Rxa5 Rxe4+ 36. Kf3 Rf4+ 37. Ke3 Rf3+ 38. Kd4 Rd3+ 39. Ke5 Re3+ 40.
Kd6 bxa5 0-1

[Event "Chigorin Memorial"]
[Site "St Petersburg RUS"]
[Date "2013.10.12"]
[Round "8.98"]
[White "Mamyrbay, Assad"]
[Black "Loginov, Anton"]
[Result "1/2-1/2"]
[WhiteElo "1888"]
[BlackElo "2156"]
[WhiteFideId "13708880"]
[BlackFideId "4125134"]
[EventDate "2013.10.05"]

1. e4 e5 2. Nf3 Nc6 3. Bb5 Nf6 4. O-O Nxe4 5. Re1 Nd6 6. Nxe5 Be7 7. Bf1 O-O 8.
Nf3 Nf5 9. d4 d5 10. c3 Re8 11. Bf4 Be6 12. Nbd2 Bd6 13. Bxd6 Nxd6 14. Bd3 Qf6
15. Qc2 h6 16. Ne5 Ne7 17. Re3 Bf5 18. Rae1 Bxd3 19. Nxd3 c6 20. Rf3 Qg6 21. Qd1
f6 22. Nf4 Qf7 23. Nf1 Nef5 24. Ne3 Nxe3 25. Rfxe3 Rxe3 26. Rxe3 Re8 27. Qe2
Rxe3 28. Qxe3 Qe8 29. Qxe8+ Nxe8 30. h4 g5 31. hxg5 hxg5 32. Nd3 Nd6 33. Kf1 Kf7
34. Ke2 Kg6 35. g4 Kf7 36. f3 Ke7 37. Ke3 Nc4+ 38. Ke2 Nd6 39. Ke3 Nc4+ 40. Ke2
Kd6 1/2-1/2

[Event "Chigorin Memorial"]
[Site "St Petersburg RUS"]
[Date "2013.10.12"]
[Round "8.99"]
[White "Khadzhiev, Valery"]
[Black "Kunin, Pavel"]
[Result "1-0"]
[WhiteElo "2107"]
[BlackElo "1880"]
[WhiteFideId "34154601"]
[BlackFideId "34107093"]
[EventDate "2013.10.05"]

1. d4 d5 2. c4 e6 3. Nf3 c6 4. Nc3 Nf6 5. Bg5 dxc4 6. a4 Bb4 7. Bxf6 Qxf6 8. e3
b5 9. Be2 Nd7 10. O-O Bxc3 11. bxc3 Bb7 12. Qb1 a6 13. Bxc4 O-O 14. Bd3 g6 15.
e4 Rfb8 16. axb5 axb5 17. Rxa8 Rxa8 18. c4 Ra5 19. Qb4 c5 20. Qxa5 Bxe4 21. Nd2
Bxd3 22. Re1 bxc4 23. dxc5 e5 24. Qa8+ Kg7 25. c6 Nb6 26. Qb7 c3 27. Nf1 Nd5 28.
c7 Nxc7 29. Qxc7 e4 30. Qa5 c2 31. Qa1 Qxa1 32. Rxa1 Kf6 33. f3 Ke5 34. fxe4
Bxe4 35. Nd2 Bd3 36. Kf2 Kd5 37. Ke1 f5 38. Nf3 Kc4 39. Kd2 Be4 40. Rc1 Kb3 41.
Nd4+ Kb2 42. g3 g5 43. Nxc2 Bxc2 1-0

[Event "Chigorin Memorial"]
[Site "St Petersburg RUS"]
[Date "2013.10.12"]
[Round "8.100"]
[White "Plotnikov, Vitaly"]
[Black "Klimentiev, Sergey"]
[Result "1-0"]
[WhiteElo "2065"]
[BlackElo "1877"]
[WhiteFideId "24118915"]
[BlackFideId "24155896"]
[EventDate "2013.10.05"]

1. d4 Nf6 2. Nf3 e6 3. g3 c5 4. c3 b6 5. Bg2 Bb7 6. O-O Nc6 7. Nbd2 d5 8. Qa4
Qd7 9. a3 Be7 10. Re1 O-O 11. Qb3 Na5 12. Qc2 Qc7 13. Qb1 Ne4 14. Nxe4 dxe4 15.
Ng5 Bxg5 16. Bxg5 Nb3 17. Ra2 f5 18. dxc5 Qxc5 19. a4 Bd5 20. Ra3 Qc6 21. Qd1
Na5 22. Qc2 Nc4 23. Raa1 h6 24. Bc1 Na5 25. Ra3 Rad8 26. b3 Nxb3 27. Rxb3 Qxa4
28. Rb2 Qxc2 29. Rxc2 Rc8 30. Ba3 Rfd8 31. Rec1 Rc4 32. Rd2 Rdc8 33. Bb2 b5 34.
Ra1 R8c7 35. e3 Kf7 36. Bf1 R4c6 37. Bxb5 Rb6 38. c4 Bc6 39. Bd4 1-0

[Event "Chigorin Memorial"]
[Site "St Petersburg RUS"]
[Date "2013.10.12"]
[Round "8.101"]
[White "Kazakov, Maksym"]
[Black "Klevets, Ksenia"]
[Result "1-0"]
[WhiteElo "2062"]
[BlackElo "1872"]
[WhiteFideId "14128756"]
[BlackFideId "24157937"]
[EventDate "2013.10.05"]

1. e4 c5 2. Nf3 Nc6 3. Bb5 e6 4. Bxc6 bxc6 5. d3 Ne7 6. O-O Ng6 7. Ng5 Be7 8. f4
f6 9. Qh5 fxg5 10. f5 O-O 11. fxg6 Rxf1+ 12. Kxf1 h6 13. Nd2 d6 14. Nf3 e5 15.
h4 g4 16. Bxh6 Bf6 17. Bxg7 Bxg7 18. Qh7+ Kf8 19. Ng5 Qe7 20. Kg1 Bf6 21. Rf1
Qg7 22. h5 1-0

[Event "Chigorin Memorial"]
[Site "St Petersburg RUS"]
[Date "2013.10.12"]
[Round "8.102"]
[White "Sorokopudov, Vladimir M."]
[Black "Popov, Alexei"]
[Result "1-0"]
[WhiteElo "2057"]
[BlackElo "1858"]
[WhiteFideId "24153052"]
[BlackFideId "24195898"]
[EventDate "2013.10.05"]

1. d4 Nf6 2. c4 e6 3. Bg5 Bb4+ 4. Nc3 d5 5. e3 O-O 6. Nf3 c5 7. a3 Bxc3+ 8. bxc3
Nbd7 9. Nd2 Qc7 10. Be2 b6 11. O-O Bb7 12. Rc1 e5 13. cxd5 Qd6 14. dxe5 Nxe5 15.
c4 Rad8 16. f4 Nxd5 17. cxd5 Qxd5 18. Nf3 Qe4 19. Bxd8 Qxe3+ 20. Kh1 Ng4 21. Bh4
Qxf4 22. Bg3 Qh6 23. Qd6 Qe3 24. Qd3 Qh6 25. Rfe1 f5 26. Qd7 Be4 27. Qe7 Rf7 28.
Qe8+ Rf8 29. Bc4+ 1-0

[Event "Chigorin Memorial"]
[Site "St Petersburg RUS"]
[Date "2013.10.12"]
[Round "8.103"]
[White "Martynyuk, Elizaveta"]
[Black "Gudkina, Zhanna"]
[Result "0-1"]
[WhiteElo "2032"]
[BlackElo "1846"]
[WhiteFideId "24128511"]
[BlackFideId "24102318"]
[EventDate "2013.10.05"]

1. e4 d6 2. d4 Nf6 3. Nc3 g6 4. Be3 c6 5. f3 Nbd7 6. g4 b5 7. a3 Rb8 8. g5 Nh5
9. Nge2 a5 10. Ng3 Nxg3 11. hxg3 Bg7 12. f4 Nb6 13. d5 b4 14. axb4 axb4 15. Bd4
Bg4 16. Ne2 O-O 17. Bxg7 Kxg7 18. Qd4+ Kg8 19. dxc6 Qc7 20. Rh4 e5 21. Qf2 Bxe2
22. Bxe2 f6 23. gxf6 Rxf6 24. Qe3 Kh8 25. fxe5 dxe5 26. Qg5 Rxc6 27. Bb5 Rxc2
28. Rd1 Rxb2 29. Rc1 Qd6 30. Rd1 Qc7 31. Qf6+ Kg8 32. Qe6+ Kh8 33. Bc6 Rf8 34.
Qxg6 Rbf2 35. Qe6 Rf1+ 36. Ke2 R8f2+ 37. Ke3 Nc4+ 38. Kd3 Rxd1+ 39. Kxc4 Rc1+
40. Kb5 Rxc6 41. Qe8+ Kg7 42. Rxh7+ Kxh7 43. Qh5+ Rh6 44. Qe8 Qc3 45. Ka4 Qc6+
46. Qxc6 Rxc6 47. Kxb4 Rb2+ 48. Ka5 Rc1 49. g4 Ra1# 0-1

[Event "Chigorin Memorial"]
[Site "St Petersburg RUS"]
[Date "2013.10.12"]
[Round "8.104"]
[White "Khatenever, Feliks"]
[Black "Opanasenko, Mikhail"]
[Result "0-1"]
[WhiteElo "1837"]
[BlackElo "2009"]
[WhiteFideId "4131800"]
[BlackFideId "24176834"]
[EventDate "2013.10.05"]

1. e4 e6 2. d4 d5 3. Nd2 Nf6 4. Bd3 c5 5. e5 Nfd7 6. c3 Nc6 7. Ngf3 g6 8. O-O
Bg7 9. Bc2 O-O 10. Re1 cxd4 11. cxd4 f6 12. exf6 Qxf6 13. Nb3 Nb6 14. Bg5 Qf7
15. Be3 Nc4 16. Rb1 Bd7 17. Nc5 b6 18. Nxd7 Qxd7 19. Ba4 Qd6 20. Bxc6 Qxc6 21.
Rc1 Qd6 22. b3 Nxe3 23. fxe3 Rae8 24. Qc2 e5 25. dxe5 Bxe5 26. Nxe5 Qxe5 27. Qc7
Qf5 28. Qg3 Qe4 29. h3 Rf7 30. Qg4 Qxg4 31. hxg4 Re4 32. Rcd1 Rd7 33. Rd4 Kg7
34. Red1 Rxe3 35. Rxd5 Rxd5 36. Rxd5 Kf6 37. Kf2 Rc3 38. g5+ Ke6 39. Rd2 Kf5 40.
Kg1 Rc7 41. Rd5+ Ke4 42. Rd8 Kf4 43. Rd5 Rc2 44. Rd7 Rxa2 45. Rxh7 Kxg5 46. Kh2
Kg4 47. Rh3 g5 48. Rg3+ Kf4 49. Rf3+ Ke4 50. Kg3 Rd2 51. Rf7 a5 52. Re7+ Kd4 53.
Rg7 Rd3+ 54. Kg4 Rxb3 55. Rxg5 a4 56. Rg8 a3 57. Kf4 Kc3 58. g4 a2 0-1

[Event "Chigorin Memorial"]
[Site "St Petersburg RUS"]
[Date "2013.10.12"]
[Round "8.105"]
[White "Skafar, Darya"]
[Black "Kazantsev, Nikita"]
[Result "1/2-1/2"]
[WhiteElo "1828"]
[BlackElo "1999"]
[WhiteFideId "24167169"]
[BlackFideId "24175633"]
[EventDate "2013.10.05"]

1. e4 e5 2. Nf3 Nc6 3. Bb5 a6 4. Ba4 Nf6 5. O-O Be7 6. Re1 b5 7. Bb3 d6 8. c3
O-O 9. h3 Nb8 10. d4 Nbd7 11. Nbd2 Bb7 12. Bc2 Re8 13. Nf1 Bf8 14. Ng3 g6 15.
Bg5 Bg7 16. Nh2 h6 17. Bc1 d5 18. dxe5 Nxe4 19. Nxe4 dxe4 20. Bxe4 Bxe4 21. Rxe4
Nxe5 22. Rd4 Qe7 23. Bf4 Nc4 24. Rd7 Rad8 25. Rxe7 Rxd1+ 26. Rxd1 Rxe7 27. b3
Na3 28. Be3 Nc2 29. Bc5 Re1+ 30. Rxe1 Nxe1 31. c4 Nd3 32. Be3 bxc4 33. bxc4 Ne5
34. Bf4 Nxc4 35. Bxc7 Kf8 36. Nf3 Ke7 37. Kf1 Kd7 38. Bf4 Kc6 39. Ke2 Kc5 40.
Kd3 Kb4 41. Ne1 a5 42. Nc2+ Kc5 43. Ne3 Ne5+ 44. Bxe5 Bxe5 45. Nc4 Bc7 46. Kc3
f5 47. Nd2 a4 48. Nf3 Bd8 49. Kd3 Bf6 50. Nd2 Kb4 51. Kc2 g5 52. g4 fxg4 53.
hxg4 Bd4 54. f3 Bc5 55. Ne4 Be7 56. Ng3 Kc4 57. Nf5 Bf8 58. Kd2 Kd5 59. Ne3+ Kd4
60. Nc2+ Kc4 61. Ne3+ Kb4 62. Kc2 Bc5 63. Nf5 Bf8 64. Ne3 Kb5 65. Kc3 Kc5 1/2-1/2

[Event "Chigorin Memorial"]
[Site "St Petersburg RUS"]
[Date "2013.10.12"]
[Round "8.106"]
[White "Solak, Rade"]
[Black "Pankova, Julia"]
[Result "1-0"]
[WhiteElo "1977"]
[BlackElo "1621"]
[WhiteFideId "923591"]
[BlackFideId "34103276"]
[EventDate "2013.10.05"]

1. e4 c5 2. d3 Nc6 3. Nf3 d6 4. g3 Bg4 5. h3 Bxf3 6. Qxf3 Nd4 7. Qd1 e6 8. c3
Nc6 9. Bg2 g6 10. O-O Bg7 11. Kh2 Nge7 12. f4 Qd7 13. Nd2 Rd8 14. Nb3 Qc7 15.
Be3 Na5 16. Qe2 Nxb3 17. axb3 a6 18. Qf2 Rc8 19. Ra4 a5 20. Rfa1 Nc6 21. e5 dxe5
22. Bxc5 exf4 23. gxf4 Bh6 24. Qh4 Bg7 25. Bxc6+ bxc6 26. Rxa5 Qd8 27. Qg3 Bf6
28. b4 h5 29. Ra7 Rg8 30. f5 Qd5 31. fxe6 fxe6 32. d4 g5 33. Rf1 Rg6 34. Qd3 Rh6
35. c4 Qd8 36. Qe4 Be7 37. Rxe7+ Qxe7 38. Bxe7 Kxe7 39. Qe5 Rg6 40. Qc5+ Kd7 41.
Rf7+ 1-0

[Event "Chigorin Memorial"]
[Site "St Petersburg RUS"]
[Date "2013.10.12"]
[Round "8.107"]
[White "Shagdurov, Denis"]
[Black "Halikov, Bulat"]
[Result "1-0"]
[WhiteElo "1967"]
[BlackElo "1611"]
[WhiteFideId "24136735"]
[BlackFideId "34147869"]
[EventDate "2013.10.05"]

1. e4 e5 2. Nf3 Nc6 3. Bc4 Bc5 4. O-O d6 5. a4 Nf6 6. d3 O-O 7. Re1 Bg4 8. h3
Bh5 9. c3 a6 10. b4 Bb6 11. a5 Ba7 12. Bg5 h6 13. Bh4 Re8 14. g4 Bg6 15. Nbd2
Qd7 16. Bxf6 gxf6 17. Nh4 Kh7 18. Qf3 Qe7 19. Nf1 Nd8 20. Ng3 Ne6 21. Nhf5 Ng5
22. Qg2 Bxf5 23. gxf5 Kh8 24. h4 Nh7 25. Qf3 Rg8 26. Kf1 Rad8 27. Qh5 Kg7 28.
Ke2 c6 29. Rg1 Ng5 30. hxg5 hxg5 31. Rh1 Rh8 32. Qg4 Qc7 33. Nh5+ Kf8 34. Nxf6
Rxh1 35. Rxh1 d5 36. Rh8+ Ke7 37. Qxg5 Kd6 38. Ne8+ Rxe8 39. Rxe8 dxc4 40. Qf6+
Kd7 41. Qe7# 1-0

[Event "Chigorin Memorial"]
[Site "St Petersburg RUS"]
[Date "2013.10.12"]
[Round "8.109"]
[White "Sorokina, Svetlana"]
[Black "Lazarev, Alexander A."]
[Result "0-1"]
[WhiteElo "1716"]
[BlackElo "1945"]
[WhiteFideId "24166006"]
[BlackFideId "34109452"]
[EventDate "2013.10.05"]

1. d4 d5 2. c4 c6 3. Nf3 e6 4. Nc3 dxc4 5. a4 Bd7 6. Bf4 Nf6 7. e3 b5 8. Be2 Nd5
9. Bxb8 Qxb8 10. Ne5 Bb4 11. Rc1 Qc7 12. O-O Bxc3 13. bxc3 O-O 14. Nxd7 Qxd7 15.
Qc2 Qc7 16. g3 Nb6 17. a5 Nd7 18. Ra1 c5 19. a6 Qc6 20. f4 Nf6 21. Bf3 Nd5 22.
Qd2 Rfd8 23. e4 Nc7 24. e5 Nd5 25. g4 Rab8 26. f5 cxd4 27. f6 dxc3 28. Qg5 Qc5+
29. Kh1 Qf8 30. h4 h6 31. Qc1 g6 32. g5 h5 33. Rg1 Qc5 34. Bxh5 Qe3 35. Bg4 Qe4+
36. Kh2 Ne3 37. Bh3 Rd2+ 0-1

[Event "Chigorin Memorial"]
[Site "St Petersburg RUS"]
[Date "2013.10.12"]
[Round "8.111"]
[White "Malova, Anna"]
[Black "Klukin, Kirill"]
[Result "0-1"]
[WhiteElo "1817"]
[BlackElo "2024"]
[WhiteFideId "24164933"]
[BlackFideId "24199273"]
[EventDate "2013.10.05"]

1. d4 Nf6 2. g3 g6 3. Bg2 Bg7 4. Nf3 O-O 5. O-O d6 6. c4 Nc6 7. Nc3 a6 8. h3 Na5
9. b3 c5 10. Be3 cxd4 11. Nxd4 Bd7 12. Qd2 Nc6 13. Nf3 b5 14. cxb5 axb5 15. Rac1
b4 16. Na4 Ne4 17. Qd3 Nc3 18. Nxc3 bxc3 19. Nd4 Nxd4 20. Bxd4 Bxd4 21. Qxd4
Rxa2 22. e4 c2 23. Rfe1 Qc7 24. e5 Be6 25. b4 Rb8 26. exd6 Qxd6 27. Qxd6 exd6
28. Re2 Bb3 29. Be4 Rxb4 30. Bd3 Rd4 31. Re3 Rb2 32. Kh2 Kg7 33. Be4 d5 34. Bf3
Rb1 35. Ree1 Rxc1 36. Rxc1 Rd1 0-1

[Event "Chigorin Memorial"]
[Site "St Petersburg RUS"]
[Date "2013.10.12"]
[Round "8.112"]
[White "Tskhadadze, Anna"]
[Black "Dushin, Nikolay"]
[Result "0-1"]
[WhiteElo "1806"]
[BlackElo "2006"]
[WhiteFideId "4165098"]
[BlackFideId "4114612"]
[EventDate "2013.10.05"]

1. c4 g6 2. g3 Bg7 3. Bg2 c5 4. e4 Nc6 5. Ne2 d6 6. O-O h5 7. d3 h4 8. Nbc3 Nd4
9. Nxd4 Bxd4 10. Ne2 hxg3 11. hxg3 Bg4 12. Qa4+ Bd7 13. Qb3 Rb8 14. Nxd4 cxd4
15. Qb4 Qc8 16. f4 Nf6 17. e5 dxe5 18. fxe5 Ng4 19. Bg5 Qd8 20. Bd5 Bf5 21. Qb5+
Kf8 22. Rae1 Rh5 23. Bd2 Kg7 24. Be4 Qh8 25. Kg2 Rh2+ 26. Kf3 Qh5 27. Bxf5 gxf5
28. Qb3 Ne3+ 0-1

[Event "Chigorin Memorial"]
[Site "St Petersburg RUS"]
[Date "2013.10.12"]
[Round "8.113"]
[White "Skvortsov, Sergey"]
[Black "Hyoetylae, Tapio"]
[Result "1-0"]
[WhiteElo "1980"]
[BlackElo "1796"]
[WhiteFideId "24188689"]
[BlackFideId "501026"]
[EventDate "2013.10.05"]

1. e4 d6 2. d4 g6 3. Nc3 c6 4. f4 d5 5. e5 h5 6. Nf3 Nh6 7. Be3 Bg4 8. Qd3 Nf5
9. Bf2 Ng7 10. O-O-O b5 11. h3 Bf5 12. Qd2 a5 13. Nh4 a4 14. Nxf5 Nxf5 15. Nxb5
e6 16. Nc3 Bb4 17. Qd3 Nd7 18. Be2 h4 19. a3 Be7 20. g4 hxg3 21. Bxg3 Nxg3 22.
Qxg3 Nf8 23. Nb1 Rb8 24. c4 Qb6 25. Rd2 dxc4 26. Bxc4 Rd8 27. Rhd1 Bh4 28. Qg2
Be7 29. Nc3 Rh5 30. Ne4 Rh4 31. Qg3 Rh5 32. Ba2 Qb5 33. Rc2 Qa6 34. Bc4 Qb6 35.
Be2 Rh8 36. Qc3 Rc8 37. Bg4 Rc7 38. Qc4 Qa5 39. Nc5 Bxc5 40. Qxc5 Qa6 41. Kb1
Kd8 42. d5 exd5 43. Rxd5+ Nd7 44. Rxd7+ Rxd7 45. Bxd7 Qf1+ 46. Ka2 Kxd7 47.
Qxc6+ Ke7 48. Qd6+ 1-0

[Event "Chigorin Memorial"]
[Site "St Petersburg RUS"]
[Date "2013.10.12"]
[Round "8.115"]
[White "Glazov, Anatoly"]
[Black "Tarakanova, Valeria"]
[Result "1-0"]
[WhiteElo "1900"]
[BlackElo "1775"]
[WhiteFideId "4192281"]
[BlackFideId "24179205"]
[EventDate "2013.10.05"]

1. Nf3 Nc6 2. d4 d5 3. Bf4 Bg4 4. Ne5 Nxe5 5. Bxe5 e6 6. f3 Bf5 7. Nd2 Nf6 8. e3
Be7 9. g4 Bg6 10. h4 h6 11. Qe2 c5 12. Qb5+ Qd7 13. dxc5 O-O 14. Qa5 Rfc8 15.
Bb5 Rxc5 16. Bxd7 Rxa5 17. Bc3 Rc5 18. Ba4 Rac8 19. Ke2 a6 20. Bb4 R5c7 21. Ba5
b6 22. Bxb6 Rb7 23. Bd4 Bxc2 24. Rac1 Rbc7 25. Rxc2 Rxc2 26. Bxc2 Rxc2 27. Bc3
Ba3 28. Kd3 Rxb2 29. Bxb2 Bxb2 30. Rb1 Ba3 31. Rb8+ Kh7 32. Rb7 g5 33. hxg5 hxg5
34. Rxf7+ Kg6 35. Ra7 e5 36. Rxa6 Bb2 37. e4 d4 38. Nc4 Bc3 39. Nxe5+ Kg7 40.
Ra7+ Kh6 41. Nc6 Be1 42. Nxd4 Bf2 43. Nf5+ Kg6 44. Rg7# 1-0

[Event "Chigorin Memorial"]
[Site "St Petersburg RUS"]
[Date "2013.10.12"]
[Round "8.116"]
[White "Sedykh, Egor"]
[Black "Scheglov, Dmitry"]
[Result "1-0"]
[WhiteElo "1899"]
[BlackElo "1770"]
[WhiteFideId "24176320"]
[BlackFideId "34145750"]
[EventDate "2013.10.05"]

1. d4 Nf6 2. Nf3 c5 3. d5 e6 4. c4 exd5 5. cxd5 d6 6. Nc3 g6 7. g3 Bg7 8. Bg2
O-O 9. O-O Re8 10. Nd2 a6 11. a4 Nbd7 12. Nc4 Nb6 13. Nxb6 Qxb6 14. e4 Bd7 15.
Re1 Qc7 16. a5 Rab8 17. h3 b5 18. axb6 Rxb6 19. f4 Bb5 20. Nxb5 axb5 21. e5 dxe5
22. fxe5 Nh5 23. d6 Qd7 24. Bf4 Nxf4 25. gxf4 g5 26. Qd5 gxf4 27. Qxc5 Reb8 28.
Rac1 f3 29. Bxf3 Qxh3 30. Bg2 Qg4 31. Qd5 Qe6 32. Qxe6 fxe6 33. d7 Rd8 34. Rc8
Rb8 35. Rxb8 Rxb8 36. Rc1 Bxe5 37. Rc8+ Kf7 38. d8=Q Rxc8 39. Qxc8 Bxb2 40. Qd7+
Kf6 41. Qxb5 Bd4+ 42. Kh2 Be5+ 43. Kh3 1-0

[Event "Chigorin Memorial"]
[Site "St Petersburg RUS"]
[Date "2013.10.12"]
[Round "8.117"]
[White "Fokin, Anatoly"]
[Black "Zakharov, Yuri"]
[Result "0-1"]
[WhiteElo "1765"]
[BlackElo "1891"]
[WhiteFideId "24124451"]
[BlackFideId "4166620"]
[EventDate "2013.10.05"]

1. d4 Nf6 2. c4 g6 3. Nc3 Bg7 4. e4 d6 5. Nf3 O-O 6. Be2 Nbd7 7. O-O e5 8. d5
Nc5 9. Qc2 a5 10. Be3 Ng4 11. Bxc5 dxc5 12. h3 Nh6 13. Qd2 f6 14. Nh2 Nf7 15.
Bd3 Bh6 16. Qc2 Nd6 17. Rae1 Qe7 18. g4 Bd7 19. Nb5 Nxb5 20. cxb5 b6 21. a4 Bf4
22. Nf3 h5 23. Nh4 Qg7 24. f3 Bg3 25. Ng2 Bxe1 26. Rxe1 hxg4 27. hxg4 Qe7 28.
Ne3 Kg7 29. Nc4 Rab8 30. Qc3 g5 31. Bf1 Rh8 32. Rd1 Kg6 33. d6 Qh7 34. Bg2 Be6
35. Nxe5+ fxe5 36. Qxe5 Qf7 37. dxc7 Rbc8 38. Rd6 Rhe8 39. Rxb6 Rxc7 40. Bf1
Rce7 41. Kf2 Qf6 42. Qxc5 Rc8 43. e5 Qxf3+ 44. Kxf3 Rxc5 45. Ke4 Kf7 46. Bd3 Bc8
47. Kd4 Rcxe5 48. Bc4+ Kg7 49. Bd3 Bxg4 50. b4 axb4 51. a5 b3 52. a6 Bf3 53. Kc3
Bd5 54. Rd6 Bf3 55. Kxb3 R7e6 56. Rd8 g4 57. Bc4 g3 58. a7 g2 59. Bxe6 Rxe6 60.
Rd1 0-1

[Event "Chigorin Memorial"]
[Site "St Petersburg RUS"]
[Date "2013.10.12"]
[Round "8.119"]
[White "Stepanov, Andrey"]
[Black "Krasnikov, Mikhail"]
[Result "1-0"]
[WhiteElo "1731"]
[BlackElo "1846"]
[WhiteFideId "24198730"]
[BlackFideId "24113140"]
[EventDate "2013.10.05"]

1. e4 c5 2. Nf3 Nc6 3. d4 cxd4 4. Nxd4 g6 5. c4 Bg7 6. Be3 Nf6 7. Nc3 Ng4 8.
Qxg4 Nxd4 9. Qd1 Ne6 10. Qd2 d6 11. Be2 Bd7 12. O-O O-O 13. Nd5 Nc5 14. f3 Bc6
15. Rad1 Bxd5 16. exd5 a5 17. b3 Qb6 18. Kh1 Qb4 19. Bd3 Qxd2 20. Rxd2 Bc3 21.
Rc2 Bb4 22. Bxc5 Bxc5 23. Re2 Rfe8 24. a4 Bb4 25. f4 e6 26. dxe6 Rxe6 27. Rxe6
fxe6 28. Be4 Rb8 29. g4 b6 30. f5 Rf8 31. Kg2 exf5 32. gxf5 g5 33. f6 Bc3 34.
f7+ Kg7 35. Bd5 Be5 36. h3 Bf4 37. Kf3 Kf6 38. Kg4 Kg6 39. Rxf4 gxf4 40. Kxf4
Kf6 41. Ke4 Rh8 42. Kd4 Ke7 43. Ke4 h5 44. Kf5 Rc8 45. Kg6 Kf8 46. Kxh5 Kg7 47.
Kg5 Rc7 48. Kf5 Rd7 49. Ke6 Rxf7 50. Kxd6 Rf6+ 51. Kc7 Rh6 52. Bc6 Rxh3 53. Kxb6
Rxb3+ 54. Bb5 Kf8 55. c5 Ke7 56. Kxa5 Kd8 57. Kb6 Kc8 58. a5 Kb8 59. c6 Rc3 60.
Ba4 Rc1 61. a6 Rc3 62. Bd1 Rc1 63. Be2 Rc3 64. a7+ Ka8 65. c7 Rb3+ 66. Bb5 Rc3
67. Bc6+ Rxc6+ 68. Kxc6 Kxa7 69. c8=R 1-0

[Event "Chigorin Memorial"]
[Site "St Petersburg RUS"]
[Date "2013.10.12"]
[Round "8.120"]
[White "Shilnikov, Igor S."]
[Black "Stoliarenko, Ivan"]
[Result "0-1"]
[WhiteElo "1818"]
[BlackElo "1724"]
[WhiteFideId "4155653"]
[BlackFideId "24199591"]
[EventDate "2013.10.05"]

1. d4 Nf6 2. Nf3 g6 3. c4 Bg7 4. Nc3 O-O 5. Bg5 c5 6. d5 d6 7. Qd2 Qa5 8. h3 a6
9. e3 b5 10. Bd3 Nbd7 11. O-O Nb6 12. cxb5 c4 13. Be2 axb5 14. Nd4 Nfxd5 15. Bf3
Bd7 16. Rfd1 e6 17. e4 Nxc3 18. bxc3 Na4 19. Rdc1 Rfb8 20. Be7 Ra6 21. Ne2 Be5
22. Qg5 b4 23. Bf6 Bxf6 24. Qxf6 bxc3 25. Nxc3 Nxc3 26. Qxc3 Qxc3 27. Rxc3 Rc8
28. Be2 d5 29. exd5 exd5 30. a3 Be6 31. Rd1 Rd6 32. Rd4 f5 33. f4 Ra6 34. Bf3
Ra5 35. Re3 Kf7 36. Rc3 Ke7 37. g4 Kd6 38. Rd2 Rca8 39. Rxc4 Rxa3 40. Kf2 Ra2
41. Rd4 Kc5 42. Rd3 Rxd2+ 43. Rxd2 Ra4 44. Re2 Kd6 45. Kg3 d4 46. Rd2 Kc5 47.
Re2 Ra6 48. Rd2 Ra3 49. Kf2 Bd5 50. Bg2 Bxg2 51. Kxg2 Kc4 52. gxf5 gxf5 53. Re2
d3 54. Re7 d2 55. Rc7+ Kb3 56. Rd7 Kc2 0-1

[Event "Chigorin Memorial"]
[Site "St Petersburg RUS"]
[Date "2013.10.12"]
[Round "8.121"]
[White "Pitkanen, Juhani"]
[Black "Jourde, Michel"]
[Result "1-0"]
[WhiteElo "1744"]
[BlackElo "1849"]
[WhiteFideId "504432"]
[BlackFideId "644994"]
[EventDate "2013.10.05"]

1. d4 Nf6 2. c4 e5 3. dxe5 Ng4 4. Nf3 Nc6 5. Bf4 Bb4+ 6. Nbd2 Qe7 7. e3 Ngxe5 8.
Be2 d6 9. O-O Bxd2 10. Qxd2 Be6 11. Qc3 Bf5 12. Nd4 Nxd4 13. exd4 Ng6 14. Be3
O-O 15. Rfe1 Qf6 16. Bf3 c6 17. g3 Rfe8 18. Bd2 Bh3 19. Re3 Rxe3 20. Qxe3 Ne7
21. Re1 Nf5 22. Qe8+ 1-0

[Event "Chigorin Memorial"]
[Site "St Petersburg RUS"]
[Date "2013.10.12"]
[Round "8.122"]
[White "Mikhaylov, Dimitri"]
[Black "Soliva Ruiz, Ramon"]
[Result "0-1"]
[WhiteElo "1819"]
[BlackElo "1589"]
[WhiteFideId "13901273"]
[BlackFideId "32043376"]
[EventDate "2013.10.05"]

1. b4 e5 2. Bb2 d6 3. c4 Nd7 4. e3 Ngf6 5. Nf3 Be7 6. Be2 a5 7. b5 c6 8. d4 e4
9. Nfd2 cxb5 10. cxb5 d5 11. Nc3 b6 12. Rc1 O-O 13. Qb3 Bb7 14. O-O Rc8 15. Rc2
Bd6 16. Ba3 Qe7 17. Bxd6 Qxd6 18. Rfc1 Rfe8 19. g4 h6 20. h4 Nh7 21. Nf1 Ndf6
22. Ng3 g6 23. Kg2 Qd7 24. Na4 Rxc2 25. Rxc2 Qd6 26. Rc3 Rc8 27. Qc2 Rxc3 28.
Qxc3 Ne8 29. f3 exf3+ 30. Bxf3 Nhf6 31. Qb3 Ne4 32. Bxe4 dxe4 33. Nc3 Nf6 34. g5
hxg5 35. hxg5 Ng4 36. Na4 Kg7 37. Qc3 f6 38. Kh3 Nf2+ 39. Kg2 Ng4 40. Kh3 Nf2+
41. Kg2 Ng4 42. Kh3 fxg5 43. d5+ Nf6 44. Nxe4 g4+ 45. Kh4 Qh2+ 46. Kg5 Qh6# 0-1